| 000 | 00660nam a2200169 i 4500 | ||
|---|---|---|---|
| 001 | 64658 | ||
| 003 | ES-MaACL | ||
| 005 | 20250911063535.0 | ||
| 007 | t| | ||
| 008 | 031230s1920 sp ||||1| spa d | ||
| 100 | 1 |
_aSampaio, Albino Forjaz de, _d1884-1949 _951747 |
|
| 245 | 1 | 0 |
_aSubsídios para a história do teatro português _b: teatro de cordel (catálogo da colecção do autor) / _cpublicado por ordem da Academia das Sciências de Lisboa por Albino Forjaz de Sampaio. |
| 260 |
_aLisboa : _b[s.n.], _c1920 ( _fImprensa Nacional) |
||
| 300 |
_a108, [1] p., 12 lám. : _bil. ; _c23 cm. |
||
| 852 |
_aES-MaACL _j1631-F-3 |
||
| 999 |
_c64658 _d64658 |
||